00630 2200217 4500001002100000005001500021035002500036008004100061245004100102100002100143260004600164300004700210020002200257084001000279520002000289650002700309990001900336990001900355990001900374990001900393INLIS00000000000460720241216021136 a0010-121900000004607241216 | ind 1 aevaluasi program /cH. zainal arifin0 aH. zainal arifin aRosda : bandung :bRosda : bandung,c2019 ai.370hlm 29 x 20 cm ;ci.370hlm 29 x 20 cm a978-602-446-336-6 a370,1 aAPBD 2019 3 EKS 4aevaluasi program 370.1 aB2019102111193 aB2019102111194 aB2019102111195 aB2019102111196